Cartoon Character by Outfit Quiz Stats

Quiz Updated Jan 15, 2015

Challenge
Share
Tweet
Score 0/30 Timer 06:00
5 Plays Today
Number Character % Correct
Shrek
97.8%
Mickey Mouse
97.5%
Peter Pan
96.7%
Donald Duck
96.7%
SpongeBob SquarePants
96.6%
Fred Flintstone
96.1%
Snow White
94.5%
Woody
94%
Alvin
93.3%
Waldo
93.2%
Charlie Brown
90.8%
Shaggy
90.4%
Pinocchio
83.4%
Aladdin
75.8%
Cartman
73.2%
Number Character % Correct
George Jetson
68.9%
Arthur
65.7%
Doug Funnie
60.8%
Fat Albert
59.9%
Johnny Bravo
59.2%
Arnold
58.3%
Stewie Griffin
57%
Underdog
55.3%
Krusty the Clown
54.7%
Chuckie Finster
50.9%
Dilbert
45.3%
Yogi Bear
41.3%
Darkwing Duck
32.9%
Rocko
32.7%
T.J. Detweiler
21.7%

You're not logged in!

Compare scores with friends on all Sporcle quizzes.
Join for Free
OR
Log In

You Might Also Like...

Show Comments

Extras

Top Quizzes Today


Score Distribution

Your Account Isn't Verified!

In order to create a playlist on Sporcle, you need to verify the email address you used during registration. Go to your Sporcle Settings to finish the process.

Report this User

Report this user for behavior that violates our Community Guidelines.

Details: